Analýza správania sa investorov na deklarované výsledky výkonnosti OPF v SR

Analýza správania sa slovenských investorov investujúcich do podielových fondov. Štatistická závislosť čistých predajov a zverejnenej výnosnosti.

Guardado en:
Detalles Bibliográficos
Autor principal: Kmeťko, Miroslav, 1969-
Formato: Capítulo de libro
Lenguaje:eslovaco
Materias:
Etiquetas: Agregar Etiqueta
Sin Etiquetas, Sea el primero en etiquetar este registro!

MARC

LEADER 00000naa$a2200000$$$4500
001 0073385
005 20240502071853.9
041 0 |a slo 
044 |a SK 
245 1 0 |a Analýza správania sa investorov na deklarované výsledky výkonnosti OPF v SR  |c Miroslav Kmeťko 
520 |a Analýza správania sa slovenských investorov investujúcich do podielových fondov. Štatistická závislosť čistých predajov a zverejnenej výnosnosti. 
610 2 0 |a investori 
610 2 0 |a investovanie 
610 2 0 |a výkonnosť 
610 2 0 |a fondy podielové 
610 2 0 |a predaj 
610 2 0 |a trh kapitálový 
100 1 |a Kmeťko, Miroslav, 1969-